000 00256nam a2200109Ia 4500
008 190914s9999||||xx |||||||||||||| ||und||
100 _aRoger S.Pressman
245 0 _aSoftware Engineering
260 _aUSA
_bEducation
_c2000
300 _a901
942 _cBK
999 _c8777
_d8777